Calor y Termodinamica / Mark W, Zemansky (Registro nro. 21364)
[ vista simple ]
| 000 -LÍDER | |
|---|---|
| fixed length control field | 00414nam a2200157 4500 |
| 008 - ELEMENTOS DE LONGITUD FIJA -- INFORMACIÓN GENERAL | |
| fixed length control field | 01961 1979 0 000 0Esp |
| 020 ## - NÚMERO INTERNACIONAL NORMALIZADO PARA LIBROS | |
| ISBN | 84-03-2016-X |
| 050 ## - SIGNATURA TOPOGRAFICA DE LA BIBLIOTECA DEL CONGRESO (LC) | |
| Número de Clasificación | QC254 Z452 |
| 082 ## - NUMERO DE CLASIFICACION DECIMAL DEWEY | |
| Número de Clasificación | 536.7 Z352c |
| 100 ## - ASIENTO PRINCIPAL--NOMBRE PERSONAL | |
| Nombre personal | Zemansky, Mark W |
| 245 ## - TÍTULO | |
| Título | Calor y Termodinamica / Mark W, Zemansky |
| 250 ## - MENCIÓN DE EDICIÓN | |
| Mención de edición | 4 |
| 260 ## - PUBLICACIÓN, DISTRIBUCIÓN, ETC. (PIE DE IMPRENTA) | |
| Lugar de publicación, distribución, etc. | España : Aguilar |
| 300 ## - DESCRIPCIÓN FÍSICA | |
| Extensión | 668 p. / 22cm. |
| 650 ## - ASIENTO SECUNDARIO DE MATERIA - TERMINO TEMÁTICO | |
| Término temático o nombre geográfico como elemento de entrada | 1. TERMODINAMICA 2. CALOR |
| No. biblioteca | No. biblioteca | Número de clasificación | Código de barras/Número de adquisición | Número de copia | Tipo de material |
|---|---|---|---|---|---|
| LUIS G. INCLAN | LUIS G. INCLAN | 536.7 Z352c | 2829 | 5 | 8 | Libros |
| LUIS G. INCLAN | LUIS G. INCLAN | 536.7 Z352c | 3826 | 2 | 8 | Libros |
| LUIS G. INCLAN | LUIS G. INCLAN | 536.7 Z352c | 3827 | 3 | 8 | Libros |
| LUIS G. INCLAN | LUIS G. INCLAN | 536.7 Z352c | 3825 | 1 | Libros |
| LUIS G. INCLAN | LUIS G. INCLAN | 536.7 Z352c | 3830 | 6 | Libros |
